Desarrollo y estructura del partido revolucionario institucional

Guardat en:
Dades bibliogràfiques
Autor principal: Gajardo Lagomarsino, Patricio (Autor)
Format: Llibre
Idioma:espanyol
Publicat: Santiago Universidad de Chile 1989
Matèries:
Etiquetes: Afegir etiqueta
Sense etiquetes, Sigues el primer a etiquetar aquest registre!

MARC

LEADER 00000nam a2200000 a 4500
001 UCX1169
003 CL-VaPUC
008 900612e19890000CL |||||||||||||||||spa|d
082 0 4 |a 324.272  |b GAJ  |2 21 
100 0 |a Gajardo Lagomarsino, Patricio  |e author  |9 316592 
245 1 0 |a Desarrollo y estructura del partido revolucionario institucional 
300 |a 34 p 
942 |c BK 
945 |d 19900612 00:00:00 
260 |a Santiago  |b Universidad de Chile  |c 1989 
650 0 |a Partidos políticos  |9 254999 
651 0 |a México  |9 255269 
583 |a last modification  |c 19900612 00:00:00  |k Rodrigo Vera 
999 |c 222476  |d 222474 
952 |0 0  |1 0  |4 0  |6 324_272000000000000_GAJ_1989  |7 0  |8 A  |9 217240  |a BIBHIS  |b BIBHIS  |d 2019-11-15  |i 2861968  |o 324.272 GAJ 1989  |p 2861968  |r 2025-01-20  |w 2019-11-15  |y BK  |k HIS